[Event "Rheinland Pfalz op 4th"]
[Site "Altenkirchen"]
[Date "2012.06.09"]
[Round "6"]
[White "Goerres, Christoph"]
[Black "Kirmeir, Andreas"]
[Result "1-0"]
[WhiteElo "1608"]
[BlackElo "1805"]
[PlyCount "85"]
[EventDate "2012.06.07"]
[EventType "swiss"]
[EventRounds "7"]
[EventCountry "GER"]
[SourceTitle "CBM 148 Extra"]
[Source "ChessBase"]
[SourceDate "2012.06.22"]
[SourceVersion "1"]
[SourceVersionDate "2012.06.22"]
[SourceQuality "1"]

1. d4 g6 2. c4 Bg7 3. Nc3 e6 4. b3 b6 5. Bb2 Bb7 6. Nf3 d6 7. e3 Nd7 8. g3 h6 9. Bg2 Ne7 10. 0-0 a6 11. Qc2 g5 12. Nd2 Bxg2 13. Kxg2 Ng6 14. Ne2 Qe7 15. b4 0-0 16. f4 f5 17. a4 Rf7 18. Nb3 d5 19. c5 Nf6 20. Ba3 gxf4 21. exf4 Ne4 22. Nd2 h5 23. cxb6 cxb6 24. Nxe4 fxe4 25. Qc6 Rb8 26. b5 Qd7 27. Rac1 axb5 28. axb5 Rb7 29. Rc3 Ne7 30. Qxd7 Rxd7 31. Rfc1 Nf5 32. Bb2 Rfe7 33. Kf2 Kf7 34. Rc6 Rb7 35. h3 Red7 36. g4 hxg4 37. hxg4 Nh4 38. R1c2 Nf3 39. Ke3 Bf8 40. Nc3 Bb4 41. Na4 Kf6 42. Nxb6 Rh7 43. Nxd5+ 1-0

[Event "Rheinland Pfalz op 4th"]
[Site "Altenkirchen"]
[Date "2012.06.07"]
[Round "2"]
[White "Goerres, Christoph"]
[Black "Liebminger, Alexander"]
[Result "1-0"]
[WhiteElo "1608"]
[BlackElo "848"]
[PlyCount "43"]
[EventDate "2012.06.07"]
[EventType "swiss"]
[EventRounds "7"]
[EventCountry "GER"]
[SourceTitle "CBM 148 Extra"]
[Source "ChessBase"]
[SourceDate "2012.06.22"]
[SourceVersion "1"]
[SourceVersionDate "2012.06.22"]
[SourceQuality "1"]

1. d4 d5 2. c4 e6 3. Nc3 Nf6 4. Bg5 Be7 5. Nf3 c5 6. e3 b6 7. cxd5 exd5 8. dxc5 bxc5 9. Be2 Bg4 10. 0-0 Bxf3 11. Bxf3 Nc6 12. Bxf6 Bxf6 13. Bxd5 Qd6 14. Qa4 Rc8 15. Rad1 Bxc3 16. Bxf7+ Ke7 17. Rxd6 Kxd6 18. bxc3 Rhf8 19. Bh5 g6 20. Rd1+ Kc7 21. Bf3 Ne5 22. Qxa7# 1-0